[Event "Najdorf Memorial"]
[Site "Warsaw POL"]
[Date "2021.07.17"]
[Round "8.29"]
[White "Zysko, Jan"]
[Black "Karwowski, Kacper"]
[Result "0-1"]
[BlackElo "2243"]
[WhiteElo "2080"]
[LiveChessVersion "1.4.8"]

1. e4 {[%clk 1:30:59]} c5 {[%clk 1:30:53]} 2. Nc3 {[%clk 1:31:22]} d6
{[%clk 1:31:00]} 3. g3 {[%clk 1:31:32]} g6 {[%clk 1:30:58]} 4. Bg2
{[%clk 1:31:55]} Bg7 {[%clk 1:31:24]} 5. d3 {[%clk 1:32:18]} Nc6 {[%clk 1:31:44]}
6. Be3 {[%clk 1:32:36]} Nf6 {[%clk 1:26:18]} 7. h3 {[%clk 1:31:59]} Bd7
{[%clk 1:25:14]} 8. Nge2 {[%clk 1:30:56]} h5 {[%clk 1:22:35]} 9. Qd2
{[%clk 1:27:06]} Qc8 {[%clk 1:21:44]} 10. f4 {[%clk 1:21:17]} Rb8
{[%clk 1:19:54]} 11. O-O-O {[%clk 1:14:39]} b5 {[%clk 1:14:50]} 12. Rdf1
{[%clk 1:12:13]} Qa6 {[%clk 1:07:25]} 13. Kb1 {[%clk 1:11:05]} b4
{[%clk 0:51:54]} 14. Nd1 Rb5 15. f5 {[%clk 0:39:31]} gxf5 {[%clk 0:34:07]} 16.
exf5 {[%clk 0:38:26]} d5 {[%clk 0:32:45]} 17. c4 {[%clk 0:32:21]} bxc3
{[%clk 0:24:51]} 18. Ndxc3 {[%clk 0:32:35]} Nb4 {[%clk 0:23:04]} 19. a3
{[%clk 0:28:24]} Nxd3 {[%clk 0:18:18]} 20. Nxb5 {[%clk 0:26:57]} Bxb5
{[%clk 0:18:46]} 21. Nc3 {[%clk 0:26:08]} Bc4 {[%clk 0:18:56]} 22. Rf4
{[%clk 0:01:54]} Nxf4 {[%clk 0:16:34]} 23. Bxf4 {[%clk 0:02:18]} d4
{[%clk 0:16:28]} 24. Be5 {[%clk 0:01:18]} dxc3 {[%clk 0:14:49]} 25. Qxc3
{[%clk 0:01:46]} Bd3+ {[%clk 0:14:29]} 26. Ka1 {[%clk 0:02:16]} Bxf5
{[%clk 0:14:26]} 27. Qxc5 {[%clk 0:02:06]} O-O {[%clk 0:14:28]} 28. g4
{[%clk 0:01:56]} Bg6 {[%clk 0:13:55]} 29. gxh5 {[%clk 0:01:41]} Nd7
{[%clk 0:13:38]} 30. Qxe7 {[%clk 0:02:02]} Nxe5 {[%clk 0:13:49]} 31. hxg6
{[%clk 0:02:08]} Nxg6 {[%clk 0:14:13]} 0-1

[Event "Najdorf Memorial"]
[Site "Warsaw POL"]
[Date "2021.07.17"]
[Round "8.30"]
[White "Derylo, Kamil"]
[Black "Chmiel, Marcin"]
[Result "1-0"]
[BlackElo "2237"]
[WhiteElo "2062"]
[LiveChessVersion "1.4.8"]

1. e4 {[%clk 1:29:33]} c6 {[%clk 1:30:27]} 2. d4 {[%clk 1:29:55]} d5
{[%clk 1:30:52]} 3. e5 Bf5 {[%clk 1:31:12]} 4. Nd2 {[%clk 1:30:07]} e6
{[%clk 1:31:08]} 5. Nb3 {[%clk 1:30:30]} Nd7 {[%clk 1:31:24]} 6. Nf3
{[%clk 1:30:44]} Ne7 {[%clk 1:30:45]} 7. Be2 {[%clk 1:30:52]} Nc8
{[%clk 1:30:51]} 8. O-O {[%clk 1:31:03]} Be7 {[%clk 1:31:04]} 9. Ne1
{[%clk 1:31:17]} O-O {[%clk 1:29:01]} 10. Bd3 {[%clk 1:31:09]} Bxd3
{[%clk 1:26:04]} 11. Nxd3 {[%clk 1:31:28]} b6 {[%clk 1:19:25]} 12. Qg4
{[%clk 1:28:07]} f5 {[%clk 1:13:07]} 13. exf6 {[%clk 1:27:47]} Rxf6
{[%clk 1:10:11]} 14. Re1 {[%clk 1:19:35]} Nf8 {[%clk 1:00:43]} 15. Bf4
{[%clk 1:10:39]} Nd6 {[%clk 0:58:26]} 16. c3 {[%clk 0:57:48]} Nf7
{[%clk 0:57:33]} 17. Bg3 {[%clk 0:53:45]} Qd7 {[%clk 0:55:35]} 18. Re3
{[%clk 0:52:52]} Nh6 {[%clk 0:48:56]} 19. Qh3 {[%clk 0:52:15]} Nf5
{[%clk 0:48:49]} 20. Re2 {[%clk 0:52:41]} Nxg3 {[%clk 0:47:38]} 21. hxg3
{[%clk 0:52:27]} Bd6 {[%clk 0:47:17]} 22. f4 {[%clk 0:48:33]} c5 {[%clk 0:44:45]}
23. Nd2 {[%clk 0:37:15]} Qb5 {[%clk 0:40:40]} 24. Re3 {[%clk 0:37:13]} cxd4
{[%clk 0:39:52]} 25. cxd4 {[%clk 0:36:22]} Rc8 {[%clk 0:39:08]} 26. Qh5
{[%clk 0:33:07]} Rf7 {[%clk 0:31:46]} 27. Qd1 {[%clk 0:29:38]} Rfc7
{[%clk 0:31:17]} 28. Nf3 {[%clk 0:27:09]} a5 {[%clk 0:29:24]} 29. Kh1
{[%clk 0:25:07]} Be7 {[%clk 0:26:48]} 30. Qb3 {[%clk 0:20:29]} Qa6
{[%clk 0:24:09]} 31. Nde5 {[%clk 0:19:46]} Rc1+ {[%clk 0:21:46]} 32. Re1
{[%clk 0:20:09]} R1c2 {[%clk 0:19:41]} 33. Qd3 {[%clk 0:20:09]} b5
{[%clk 0:18:29]} 34. Rab1 {[%clk 0:20:11]} a4 {[%clk 0:17:40]} 35. a3
{[%clk 0:19:10]} Qb6 {[%clk 0:15:31]} 36. Re2 {[%clk 0:16:21]} R2c7
{[%clk 0:14:17]} 37. Rbe1 {[%clk 0:14:00]} b4 {[%clk 0:12:56]} 38. axb4
{[%clk 0:14:26]} Bxb4 {[%clk 0:10:56]} 39. Rd1 {[%clk 0:14:26]} Be7
{[%clk 0:08:40]} 40. Kh2 {[%clk 0:43:57]} Qb4 {[%clk 0:32:31]} 41. g4
{[%clk 0:42:50]} Bd6 {[%clk 0:30:49]} 42. Rdd2 {[%clk 0:34:22]} Bxe5
{[%clk 0:27:55]} 43. Nxe5 {[%clk 0:34:27]} Rc1 {[%clk 0:25:49]} 44. Qa6
{[%clk 0:32:01]} h6 {[%clk 0:22:07]} 45. Kg3 {[%clk 0:31:36]} R8c7
{[%clk 0:19:15]} 46. Qa8 {[%clk 0:29:23]} Rf1 {[%clk 0:16:52]} 47. f5
{[%clk 0:25:47]} Qb7 {[%clk 0:11:31]} 48. Qxb7 {[%clk 0:19:01]} Rxb7
{[%clk 0:11:59]} 49. Nc6 {[%clk 0:19:21]} Rb3+ {[%clk 0:10:51]} 50. Kh2
{[%clk 0:19:41]} exf5 {[%clk 0:07:15]} 51. gxf5 {[%clk 0:19:39]} Kf7
{[%clk 0:06:49]} 52. Re5 {[%clk 0:18:38]} Rb6 {[%clk 0:05:54]} 53. Ne7
{[%clk 0:17:20]} Nd7 {[%clk 0:05:17]} 54. Nxd5 {[%clk 0:17:39]} Rd6
{[%clk 0:05:10]} 55. Re7+ {[%clk 0:13:34]} Kf8 {[%clk 0:05:32]} 56. Ne3
{[%clk 0:13:54]} Re1 {[%clk 0:04:12]} 57. Re6 {[%clk 0:13:24]} Rxe6
{[%clk 0:04:15]} 58. fxe6 {[%clk 0:13:48]} Nf6 {[%clk 0:03:48]} 59. Nc4
{[%clk 0:12:01]} Rxe6 {[%clk 0:04:03]} 60. Ne5 {[%clk 0:09:32]} Rd6
{[%clk 0:02:59]} 61. Rc2 {[%clk 0:05:56]} Nd7 {[%clk 0:01:57]} 62. Rc4
{[%clk 0:03:07]} Nb6 {[%clk 0:01:24]} 63. Rb4 {[%clk 0:02:47]} Ke7
{[%clk 0:01:38]} 64. Kg3 {[%clk 0:02:45]} Ke6 {[%clk 0:01:57]} 65. Nd3
{[%clk 0:02:07]} Kd5 {[%clk 0:01:31]} 66. Kf3 {[%clk 0:01:06]} g5
{[%clk 0:01:04]} 67. Nc5 {[%clk 0:00:56]} Rf6+ {[%clk 0:01:00]} 68. Kg3
{[%clk 0:01:13]} Nc4 {[%clk 0:00:58]} 69. Nxa4 {[%clk 0:01:25]} Kxd4
{[%clk 0:00:58]} 70. b3 {[%clk 0:01:40]} h5 {[%clk 0:00:38]} 71. Rxc4+
{[%clk 0:02:01]} Ke3 {[%clk 0:00:55]} 72. Nc3 {[%clk 0:01:36]} Rf5
{[%clk 0:00:51]} 73. Rc8 {[%clk 0:01:25]} Kd3 {[%clk 0:00:46]} 74. b4
{[%clk 0:01:00]} h4+ {[%clk 0:00:44]} 75. Kh3 {[%clk 0:01:22]} Rf4
{[%clk 0:00:54]} 76. b5 {[%clk 0:01:34]} Rb4 {[%clk 0:01:17]} 77. Rc6
{[%clk 0:01:45]} Kd4 {[%clk 0:01:00]} 78. b6 {[%clk 0:01:11]} Ke5
{[%clk 0:01:29]} 79. Nd1 {[%clk 0:00:46]} Kd5 {[%clk 0:00:32]} 80. Rg6
{[%clk 0:00:52]} Rb3+ {[%clk 0:00:49]} 81. Kg4 {[%clk 0:00:58]} Rg3+
{[%clk 0:00:38]} 82. Kf5 {[%clk 0:00:37]} h3 {[%clk 0:00:54]} 83. gxh3 Rxh3
{[%clk 0:01:22]} 84. Kg4 {[%clk 0:00:34]} Rb3 {[%clk 0:00:44]} 85. Nf2
{[%clk 0:00:45]} Rc3 {[%clk 0:00:38]} 86. Kxg5 {[%clk 0:00:35]} Rb3
{[%clk 0:00:38]} 87. Kf4 {[%clk 0:00:33]} Rc3 {[%clk 0:00:36]} 88. Ne4
{[%clk 0:00:35]} Re3 {[%clk 0:00:00]} 1-0

[Event "Najdorf Memorial"]
[Site "Warsaw POL"]
[Date "2021.07.17"]
[Round "8.31"]
[White "Siekanski, Janusz"]
[Black "Raczek, Krzysztof"]
[Result "1/2-1/2"]
[BlackElo "1816"]
[WhiteElo "2212"]
[LiveChessVersion "1.4.8"]

1. d4 {[%clk 1:26:05]} Nf6 {[%clk 1:30:55]} 2. c4 {[%clk 1:26:22]} g6
{[%clk 1:31:19]} 3. Nc3 {[%clk 1:26:45]} Bg7 {[%clk 1:31:43]} 4. e4
{[%clk 1:26:36]} d6 {[%clk 1:32:08]} 5. Nf3 {[%clk 1:26:50]} O-O {[%clk 1:32:26]}
6. Be2 {[%clk 1:27:09]} e5 {[%clk 1:32:51]} 7. O-O {[%clk 1:27:27]} Nc6
{[%clk 1:33:17]} 8. d5 {[%clk 1:27:48]} Ne7 {[%clk 1:33:42]} 9. Nd2
{[%clk 1:27:18]} a5 {[%clk 1:33:59]} 10. a3 {[%clk 1:27:11]} Nd7 {[%clk 1:34:08]}
11. Rb1 {[%clk 1:25:57]} Kh8 {[%clk 1:34:14]} 12. b4 {[%clk 1:25:42]} f5
{[%clk 1:31:37]} 13. Qc2 {[%clk 1:12:42]} axb4 {[%clk 1:21:23]} 14. axb4
{[%clk 1:08:19]} Nf6 {[%clk 1:20:11]} 15. f3 {[%clk 1:05:08]} f4 {[%clk 1:18:23]}
16. c5 {[%clk 1:04:42]} g5 {[%clk 1:17:16]} 17. Nb5 {[%clk 1:01:41]} Ne8
{[%clk 1:11:05]} 18. Bb2 {[%clk 0:59:34]} Bd7 {[%clk 1:05:03]} 19. Ra1
{[%clk 0:55:55]} Rb8 {[%clk 1:03:24]} 20. g4 {[%clk 0:47:01]} Bxb5
{[%clk 0:58:59]} 21. Bxb5 {[%clk 0:47:18]} c6 {[%clk 0:39:24]} 22. Bc4 Nf6 23.
Rad1 {[%clk 0:24:36]} cxd5 {[%clk 0:39:06]} 24. exd5 {[%clk 0:23:59]} b5
{[%clk 0:36:43]} 25. Ba2 {[%clk 0:16:02]} Nexd5 {[%clk 0:35:52]} 26. Ne4
{[%clk 0:16:00]} Nxb4 {[%clk 0:35:40]} 27. Qb3 {[%clk 0:14:11]} Nxe4
{[%clk 0:34:48]} 28. Qxb4 {[%clk 0:12:51]} Nxc5 {[%clk 0:35:00]} 29. Rd5
{[%clk 0:12:04]} Qb6 {[%clk 0:34:29]} 30. Kh1 {[%clk 0:11:49]} Qa6
{[%clk 0:28:57]} 31. Bb1 {[%clk 0:11:50]} Qa4 {[%clk 0:29:05]} 32. Qd2
{[%clk 0:11:03]} Qc4 {[%clk 0:28:58]} 33. Rd1 Na4 {[%clk 0:16:22]} 34. Ba1
{[%clk 0:08:16]} b4 {[%clk 0:14:36]} 35. Qg2 {[%clk 0:03:21]} Nc3
{[%clk 0:14:39]} 36. Bxc3 {[%clk 0:02:22]} bxc3 {[%clk 0:14:49]} 37. Be4
{[%clk 0:02:40]} Rb6 {[%clk 0:00:35]} 38. Rc1 {[%clk 0:01:04]} Qc7
{[%clk 0:00:35]} 39. Qh3 {[%clk 0:01:04]} Bf6 {[%clk 0:00:57]} 40. Rxc3
{[%clk 0:31:17]} Qf7 {[%clk 0:30:56]} 41. Qh6 {[%clk 0:22:24]} Qg7
{[%clk 0:29:57]} 42. Qxg7+ {[%clk 0:22:37]} Kxg7 {[%clk 0:30:10]} 43. Rc7+
{[%clk 0:19:18]} Rf7 {[%clk 0:29:37]} 44. Rxf7+ {[%clk 0:18:56]} Kxf7
{[%clk 0:29:10]} 45. Bxh7 {[%clk 0:19:13]} Ke6 {[%clk 0:28:16]} 46. Be4 Rb1+
{[%clk 0:27:22]} 47. Bxb1 {[%clk 0:12:52]} Kxd5 {[%clk 0:27:45]} 48. Kg2
{[%clk 0:13:16]} Kd4 {[%clk 0:28:08]} 49. Kf2 {[%clk 0:13:45]} d5
{[%clk 0:28:32]} 50. Ba2 {[%clk 0:09:44]} Be7 {[%clk 0:27:29]} 51. Ke2
{[%clk 0:09:58]} Bb4 {[%clk 0:26:24]} 52. Bb3 {[%clk 0:10:20]} e4
{[%clk 0:26:15]} 53. Ba2 {[%clk 0:09:16]} Ba5 {[%clk 0:25:56]} 54. h3
{[%clk 0:09:26]} Ke5 {[%clk 0:25:58]} 55. Bb1 {[%clk 0:08:56]} Bc7
{[%clk 0:26:18]} 56. Bc2 {[%clk 0:09:16]} Bb6 {[%clk 0:26:01]} 57. Bb1
{[%clk 0:08:25]} Bg1 {[%clk 0:25:42]} 58. Bc2 {[%clk 0:08:41]} Kd4
{[%clk 0:25:59]} 59. Bb3 {[%clk 0:08:55]} Bh2 {[%clk 0:26:21]} 60. Ba2
{[%clk 0:09:13]} Bg3 {[%clk 0:26:40]} 61. Bb3 {[%clk 0:09:30]} Bh4
{[%clk 0:25:43]} 62. Ba2 {[%clk 0:09:47]} Kc5 {[%clk 0:24:49]} 63. Bb1
{[%clk 0:05:15]} exf3+ {[%clk 0:24:28]} 64. Kxf3 d4 65. Bg6 {[%clk 0:02:27]} Kc4
{[%clk 0:23:11]} 66. Ke2 {[%clk 0:02:55]} Kc3 {[%clk 0:23:33]} 67. Be4
{[%clk 0:02:21]} Bg3 {[%clk 0:21:39]} 68. Bg6 {[%clk 0:02:46]} Bh4
{[%clk 0:19:13]} 69. Be4 {[%clk 0:03:09]} Kc4 {[%clk 0:15:55]} 70. Bg6
{[%clk 0:03:03]} Bg3 {[%clk 0:16:00]} 71. Be4 {[%clk 0:03:15]} Kc3
{[%clk 0:15:59]} 72. Bg6 {[%clk 0:03:10]} Bh2 {[%clk 0:15:07]} 73. Be4
{[%clk 0:03:24]} Kc4 {[%clk 0:11:47]} 74. Bg6 {[%clk 0:03:42]} Kd5
{[%clk 0:09:52]} 75. Bd3 {[%clk 0:04:03]} Bg1 {[%clk 0:09:52]} 76. Bg6
{[%clk 0:04:12]} Kc4 {[%clk 0:09:59]} 77. Bd3+ {[%clk 0:04:19]} Kc3
{[%clk 0:10:15]} 78. Be4 {[%clk 0:04:44]} Kc4 {[%clk 0:08:48]} 79. Bd3+
{[%clk 0:05:04]} Kd5 {[%clk 0:09:04]} 80. Bg6 {[%clk 0:05:21]} Be3
{[%clk 0:09:13]} 81. Kd3 {[%clk 0:04:25]} Bc1 {[%clk 0:08:47]} 82. Be4+
{[%clk 0:04:40]} Ke5 {[%clk 0:08:59]} 83. Bf3 {[%clk 0:04:36]} Ba3
{[%clk 0:08:27]} 84. Bb7 {[%clk 0:04:51]} Be7 {[%clk 0:08:45]} 85. Bf3
{[%clk 0:05:17]} Bf6 {[%clk 0:08:57]} 86. Bb7 {[%clk 0:05:43]} Bd8
{[%clk 0:07:53]} 87. Bf3 {[%clk 0:06:09]} Ba5 {[%clk 0:08:20]} 88. Bd1
{[%clk 0:06:26]} Kd5 {[%clk 0:08:35]} 89. Bf3+ {[%clk 0:06:51]} Kc5
{[%clk 0:09:01]} 90. Be2 {[%clk 0:07:02]} Be1 {[%clk 0:09:20]} 91. Bf3
{[%clk 0:07:20]} Bf2 {[%clk 0:09:12]} 92. Be2 {[%clk 0:07:44]} Kb4
{[%clk 0:09:31]} 93. Bf3 {[%clk 0:08:11]} Kb3 {[%clk 0:09:52]} 94. Be2
{[%clk 0:08:50]} Kb4 {[%clk 0:09:45]} 95. Bf3 Kc5 96. Be2 {[%clk 0:09:14]} Be3
{[%clk 0:10:34]} 97. Bf3 {[%clk 0:09:35]} Bg1 {[%clk 0:10:54]} 98. Be2
{[%clk 0:09:57]} Kd5 {[%clk 0:11:06]} 99. Bf3+ {[%clk 0:10:25]} Ke5
{[%clk 0:11:21]} 100. Be2 {[%clk 0:10:38]} Bf2 {[%clk 0:10:58]} 101. Bf3
{[%clk 0:11:01]} Bh4 {[%clk 0:11:14]} 102. Be2 {[%clk 0:11:25]} Kd5
{[%clk 0:11:38]} 103. Bf3+ {[%clk 0:11:51]} Kc5 {[%clk 0:12:05]} 104. Be2
{[%clk 0:12:11]} Kb4 {[%clk 0:11:57]} 105. Kxd4 {[%clk 0:12:13]} Kb3
{[%clk 0:12:49]} 106. Ke4 {[%clk 0:12:36]} Kc3 {[%clk 0:13:09]} 107. Kf3
{[%clk 0:12:59]} Kd2 {[%clk 0:13:30]} 108. Ba6 {[%clk 0:13:20]} Ke1 109. Bb5
1/2-1/2

[Event "Najdorf Memorial"]
[Site "Warsaw POL"]
[Date "2021.07.17"]
[Round "8.32"]
[White "Kacprzak, Karol"]
[Black "Celinski, Kamil"]
[Result "1/2-1/2"]
[BlackElo "1988"]
[WhiteElo "2151"]
[LiveChessVersion "1.4.8"]

1. e4 {[%clk 1:30:56]} e5 {[%clk 1:30:56]} 2. Nf3 {[%clk 1:31:18]} Nc6
{[%clk 1:31:23]} 3. Bb5 {[%clk 1:31:37]} a6 {[%clk 1:31:50]} 4. Ba4
{[%clk 1:31:59]} Nf6 {[%clk 1:32:16]} 5. O-O {[%clk 1:31:59]} Be7
{[%clk 1:32:42]} 6. d3 {[%clk 1:32:18]} b5 {[%clk 1:33:08]} 7. Bb3
{[%clk 1:32:39]} d6 {[%clk 1:33:36]} 8. c3 {[%clk 1:31:56]} O-O {[%clk 1:33:14]}
9. Re1 {[%clk 1:31:06]} Na5 {[%clk 1:30:45]} 10. Bc2 {[%clk 1:31:26]} c5
{[%clk 1:31:11]} 11. d4 {[%clk 1:30:52]} Qc7 {[%clk 1:31:12]} 12. d5
{[%clk 1:30:19]} Re8 {[%clk 1:30:41]} 13. Nbd2 {[%clk 1:29:19]} Bf8
{[%clk 1:30:42]} 14. Nf1 {[%clk 1:28:44]} g6 {[%clk 1:30:58]} 15. Ng3
{[%clk 1:27:09]} Bg7 {[%clk 1:31:09]} 16. h3 {[%clk 1:19:40]} Bd7
{[%clk 1:27:24]} 17. Nh2 {[%clk 1:13:01]} Rac8 {[%clk 1:25:33]} 18. b3
{[%clk 1:03:55]} h5 {[%clk 1:20:34]} 19. Nf3 {[%clk 0:53:38]} Nb7
{[%clk 1:16:10]} 20. Be3 {[%clk 0:48:33]} a5 {[%clk 1:13:20]} 21. a3
{[%clk 0:27:30]} Ra8 {[%clk 1:11:22]} 22. Nd2 {[%clk 0:23:49]} Rec8
{[%clk 1:08:40]} 23. f3 {[%clk 0:15:07]} h4 {[%clk 1:04:08]} 24. Ngf1
{[%clk 0:15:32]} Nh5 {[%clk 1:04:01]} 25. Bf2 {[%clk 0:15:19]} Qd8
{[%clk 1:04:25]} 26. Ne3 {[%clk 0:13:30]} Qg5 {[%clk 1:04:10]} 27. Kh2
{[%clk 0:12:58]} Bh6 {[%clk 0:55:42]} 28. Bd3 {[%clk 0:09:22]} Rf8
{[%clk 0:54:33]} 29. Ra2 {[%clk 0:08:21]} Qf6 {[%clk 0:50:54]} 30. Kh1
{[%clk 0:07:21]} Bf4 {[%clk 0:49:14]} 31. Nef1 {[%clk 0:05:41]} Kg7
{[%clk 0:48:39]} 32. Qe2 {[%clk 0:05:41]} Rh8 {[%clk 0:37:44]} 33. Bxb5
{[%clk 0:04:57]} Bc8 {[%clk 0:38:08]} 34. Be3 {[%clk 0:02:11]} Ng3+
{[%clk 0:33:49]} 35. Nxg3 {[%clk 0:02:37]} hxg3 {[%clk 0:34:15]} 36. Qf1
{[%clk 0:02:57]} Qh4 {[%clk 0:29:50]} 37. Kg1 {[%clk 0:01:44]} Bxh3
{[%clk 0:21:34]} 38. gxh3 {[%clk 0:02:02]} g2 {[%clk 0:22:01]} 39. Qf2
{[%clk 0:01:43]} Bg3 {[%clk 0:22:27]} 40. Qxg2 {[%clk 0:32:08]} Bxe1
{[%clk 0:52:45]} 41. Kh2 {[%clk 0:27:49]} Qe7 {[%clk 0:49:35]} 42. Qg5
{[%clk 0:20:04]} Qc7 {[%clk 0:47:09]} 43. Qg1 {[%clk 0:18:33]} Bh4
{[%clk 0:44:52]} 44. Qg4 {[%clk 0:12:07]} Rad8 {[%clk 0:44:07]} 45. a4
{[%clk 0:10:50]} Bf6 {[%clk 0:43:54]} 46. Bf1 {[%clk 0:10:24]} Rh4
{[%clk 0:43:16]} 47. Qg3 {[%clk 0:10:29]} Rdh8 {[%clk 0:43:26]} 48. Kg1
{[%clk 0:10:32]} R4h5 {[%clk 0:43:34]} 49. Nc4 {[%clk 0:09:16]} Qe7
{[%clk 0:43:48]} 50. Qe1 {[%clk 0:08:11]} Bg5 {[%clk 0:38:48]} 51. Rg2
{[%clk 0:06:51]} Bxe3+ {[%clk 0:38:47]} 52. Nxe3 {[%clk 0:07:17]} Kf8
{[%clk 0:38:08]} 53. Rh2 {[%clk 0:05:35]} Qg5+ {[%clk 0:38:15]} 54. Kh1
{[%clk 0:06:00]} Qf4 {[%clk 0:38:28]} 55. Qe2 {[%clk 0:05:17]} Qg3
{[%clk 0:36:59]} 56. Bg2 {[%clk 0:05:04]} Kg7 {[%clk 0:34:42]} 57. Qf1
{[%clk 0:04:52]} Qf4 {[%clk 0:34:53]} 58. Qe2 {[%clk 0:05:16]} Rg5
{[%clk 0:34:35]} 59. Qe1 {[%clk 0:05:20]} Rg3 {[%clk 0:34:31]} 60. Nf1
{[%clk 0:05:11]} Rxf3 {[%clk 0:31:07]} 61. Bxf3 {[%clk 0:05:30]} Qxf3+
{[%clk 0:31:32]} 62. Kg1 {[%clk 0:05:54]} Rh5 {[%clk 0:31:28]} 63. h4
{[%clk 0:04:11]} Rh8 {[%clk 0:28:25]} 64. Rg2 {[%clk 0:04:02]} c4
{[%clk 0:28:34]} 65. Rg3 {[%clk 0:02:26]} Qf4 {[%clk 0:28:50]} 66. b4
{[%clk 0:02:06]} Rxh4 {[%clk 0:28:51]} 67. Qe2 {[%clk 0:01:27]} Qxe4
{[%clk 0:28:03]} 68. Qxe4 {[%clk 0:01:45]} Rxe4 {[%clk 0:28:32]} 69. Nd2
{[%clk 0:01:25]} Re1+ {[%clk 0:28:19]} 70. Kf2 {[%clk 0:01:25]} Ra1
{[%clk 0:28:48]} 71. Nxc4 {[%clk 0:01:35]} Rxa4 {[%clk 0:29:12]} 72. Nb6
{[%clk 0:01:32]} Ra2+ {[%clk 0:29:29]} 73. Ke1 {[%clk 0:01:50]} f5
{[%clk 0:28:33]} 74. Nc4 {[%clk 0:02:15]} axb4 {[%clk 0:27:41]} 75. cxb4
{[%clk 0:02:44]} Rc2 {[%clk 0:25:48]} 76. Nd2 {[%clk 0:02:48]} e4
{[%clk 0:25:14]} 77. Ra3 {[%clk 0:03:14]} Kf6 {[%clk 0:23:26]} 78. Ra7
{[%clk 0:03:06]} Nd8 {[%clk 0:23:03]} 79. Rd7 {[%clk 0:02:33]} Nf7
{[%clk 0:22:57]} 80. b5 {[%clk 0:02:58]} Rb2 {[%clk 0:23:07]} 81. Nc4
{[%clk 0:03:10]} Rxb5 {[%clk 0:23:10]} 82. Rxf7+ {[%clk 0:03:32]} Kg5
{[%clk 0:23:23]} 83. Nxd6 {[%clk 0:02:29]} Rxd5 {[%clk 0:23:40]} 84. Nc4
{[%clk 0:02:53]} Kf4 {[%clk 0:23:45]} 85. Ke2 {[%clk 0:03:03]} Rd3
{[%clk 0:23:23]} 86. Re7 {[%clk 0:02:20]} Rh3 {[%clk 0:23:14]} 87. Ne5
{[%clk 0:02:20]} Rh2+ {[%clk 0:23:35]} 88. Kf1 {[%clk 0:02:43]} g5
{[%clk 0:23:31]} 89. Nc6 {[%clk 0:02:03]} Ra2 {[%clk 0:20:14]} 90. Nd4
{[%clk 0:02:10]} Ra5 {[%clk 0:18:45]} 91. Kf2 {[%clk 0:02:13]} Ra2+
{[%clk 0:19:05]} 92. Kf1 {[%clk 0:02:34]} Kg4 {[%clk 0:18:03]} 93. Re5
{[%clk 0:02:20]} f4 {[%clk 0:18:21]} 94. Rxe4 {[%clk 0:01:33]} Kg3
{[%clk 0:18:16]} 95. Re1 {[%clk 0:00:47]} f3 {[%clk 0:17:37]} 96. Nxf3
{[%clk 0:00:50]} Kxf3 {[%clk 0:17:41]} 97. Rb1 {[%clk 0:01:13]} g4
{[%clk 0:17:31]} 98. Kg1 {[%clk 0:01:38]} Kg3 {[%clk 0:17:34]} 99. Rb3+
{[%clk 0:02:03]} Kh4 {[%clk 0:18:00]} 100. Rb8 {[%clk 0:02:24]} Kh3
{[%clk 0:18:24]} 101. Rb3+ {[%clk 0:02:47]} g3 {[%clk 0:15:57]} 1/2-1/2

[Event "Najdorf Memorial"]
[Site "Warsaw POL"]
[Date "2021.07.18"]
[Round "9.1"]
[White "Mickiewicz, Piotr"]
[Black "Tomczak, Jacek"]
[Result "1/2-1/2"]
[WhiteElo "2247"]
[BlackElo "2603"]
[EventDate "????.??.??"]
[PlyCount "88"]
[LiveChessVersion "1.4.8"]

1.c4 {[%clk 1:30:53]} 1...e5 {[%clk 1:30:49]} 2.Nc3 {[%clk 1:31:02]} 2...Nf6
{[%clk 1:31:07]} 3.Nf3 {[%clk 1:31:18]} 3...Nc6 {[%clk 1:31:23]} 4.d3 {[%clk
1:31:06]} 4...d5 {[%clk 1:31:16]} 5.cxd5 {[%clk 1:31:32]} 5...Nxd5 {[%clk
1:31:41]} 6.e3 {[%clk 1:26:45]} 6...g6 {[%clk 1:22:50]} 7.Be2 {[%clk 1:18:10]}
7...Bg7 {[%clk 1:22:59]} 8.Bd2 {[%clk 1:17:55]} 8...Ndb4 {[%clk 1:16:11]} 9.Qb1
{[%clk 1:17:41]} 9...Bg4 {[%clk 1:16:07]} 10.a3 {[%clk 1:12:43]} 10...Bxf3
{[%clk 1:16:21]} 11.Bxf3 {[%clk 1:06:30]} 11...Nxd3+ {[%clk 1:15:14]} 12.Ke2
{[%clk 1:05:32]} 12...Nxf2 {[%clk 1:02:45]} 13.Bxc6+ {[%clk 0:59:19]} 13...bxc6
{[%clk 1:03:05]} 14.Rf1 {[%clk 0:59:28]} 14...Ng4 {[%clk 1:00:27]} 15.Qe4
{[%clk 0:54:30]} 15...Qd7 {[%clk 0:59:50]} 16.h3 {[%clk 0:35:09]} 16...Nh6
{[%clk 0:58:27]} 17.g4 {[%clk 0:24:50]} 17...f5 {[%clk 0:45:26]} 18.Qc4 {[%clk
0:12:52]} 18...e4 {[%clk 0:31:41]} 19.Nxe4 {[%clk 0:05:17]} 19...Qd5 {[%clk
0:32:08]} 20.Qxd5 {[%clk 0:03:43]} 20...cxd5 {[%clk 0:32:34]} 21.Bc3 {[%clk
0:03:23]} 21...Bxc3 {[%clk 0:32:56]} 22.Nxc3 {[%clk 0:03:51]} 22...c6 {[%clk
0:33:22]} 23.Rf4 {[%clk 0:03:29]} 23...O-O {[%clk 0:30:18]} 24.Raf1 {[%clk
0:01:59]} 24...Rfe8 {[%clk 0:25:01]} 25.b4 {[%clk 0:02:24]} 25...a6 {[%clk
0:24:00]} 26.Na4 {[%clk 0:02:25]} 26...Re7 {[%clk 0:22:16]} 27.Rd4 {[%clk
0:01:04]} 27...Rae8 {[%clk 0:19:38]} 28.Rf3 {[%clk 0:01:32]} 28...fxg4 {[%clk
0:19:00]} 29.hxg4 {[%clk 0:02:01]} 29...Nf7 {[%clk 0:19:25]} 30.Nc5 {[%clk
0:01:11]} 30...Ne5 {[%clk 0:16:44]} 31.Rf6 {[%clk 0:00:42]} 31...Kg7 {[%clk
0:15:59]} 32.g5 {[%clk 0:00:36]} 32...h6 {[%clk 0:15:56]} 33.Rd6 {[%clk
0:00:43]} 33...hxg5 {[%clk 0:16:17]} 34.e4 {[%clk 0:01:00]} 34...g4 {[%clk
0:15:47]} 35.exd5 Nf3+ {[%clk 0:14:56]} 36.Ne6+ {[%clk 0:01:17]} 36...Rxe6+
{[%clk 0:14:53]} 37.dxe6 {[%clk 0:01:45]} 37...Nxd4+ {[%clk 0:14:50]} 38.Rxd4
{[%clk 0:02:14]} 38...Rxe6+ {[%clk 0:15:15]} 39.Kf2 {[%clk 0:02:26]} 39...Kf6
{[%clk 0:01:35]} 40.Rxg4 {[%clk 0:31:51]} 40...Kf5 {[%clk 0:31:46]} 41.Rc4
{[%clk 0:31:46]} 41...Rd6 {[%clk 0:24:46]} 42.Rc5+ {[%clk 0:30:34]} 42...Kf4
{[%clk 0:23:50]} 43.Rc4+ {[%clk 0:30:37]} 43...Kf5 {[%clk 0:21:06]} 44.Rc5+
{[%clk 0:28:48]} 44...Kf4 {[%clk 0:11:39]} 1/2-1/2

[Event "Najdorf Memorial"]
[Site "Warsaw POL"]
[Date "2021.07.18"]
[Round "9.2"]
[White "Noe, Christopher"]
[Black "Chatalbashev, Boris"]
[Result "1/2-1/2"]
[WhiteElo "2527"]
[BlackElo "2530"]
[EventDate "????.??.??"]
[PlyCount "33"]
[LiveChessVersion "1.4.8"]

1.d4 {[%clk 1:30:56]} 1...Nf6 {[%clk 1:30:54]} 2.c4 {[%clk 1:31:21]} 2...g6
{[%clk 1:31:19]} 3.Nc3 {[%clk 1:31:48]} 3...d5 {[%clk 1:31:26]} 4.cxd5 {[%clk
1:32:12]} 4...Nxd5 {[%clk 1:31:52]} 5.e4 {[%clk 1:32:35]} 5...Nxc3 {[%clk
1:32:17]} 6.bxc3 {[%clk 1:33:00]} 6...Bg7 {[%clk 1:32:44]} 7.Be3 {[%clk
1:32:21]} 7...c5 {[%clk 1:33:01]} 8.Qd2 {[%clk 1:32:35]} 8...O-O {[%clk
1:31:45]} 9.Rc1 {[%clk 1:31:45]} 9...Qa5 {[%clk 1:30:41]} 10.Nf3 {[%clk
1:31:36]} 10...Rd8 {[%clk 1:29:24]} 11.d5 {[%clk 1:28:19]} 11...e6 {[%clk
1:29:45]} 12.Bg5 {[%clk 1:15:51]} 12...f6 {[%clk 1:29:49]} 13.Be3 {[%clk
1:16:16]} 13...Nc6 {[%clk 1:27:59]} 14.Bd3 {[%clk 1:09:09]} 14...exd5 {[%clk
1:27:48]} 15.exd5 {[%clk 1:09:35]} 15...c4 {[%clk 1:28:02]} 16.Bxc4 {[%clk
1:10:00]} 16...Be6 {[%clk 1:28:26]} 17.O-O {[%clk 1:09:45]} 1/2-1/2